Psicología sin alma

Saved in:
Bibliografiske detaljer
Hovedforfatter: Gruender, Hubert (Author)
Format: Bog
Sprog:spansk
Udgivet: Barcelona Librería Religiosa 1917
Fag:
Tags: Tilføj Tag
Ingen Tags, Vær først til at tagge denne postø!

MARC

LEADER 00000nam a2200000 a 4500
001 UCI4781
003 CL-VaPUC
008 080307e19170000SP |||||||||||||||||spa|d
082 0 4 |a 150.19  |b GRU  |2 21 
100 |a Gruender, Hubert  |e author  |9 526816 
245 1 0 |a Psicología sin alma 
300 |a 204 p 
942 |c BK 
945 |d 20080307 00:00:00  |a rbrito 
260 |a Barcelona  |b Librería Religiosa  |c 1917 
500 |a Donación padres capuchinos 
650 0 |a Psicología   |9 257863 
650 0 |a Filosofía del espíritu  |9 320175 
650 0 |a Ego  |9 310449 
650 0 |a Libre albedrío  |9 334583 
650 0 |a Materialismo  |9 265687 
583 |a last modification  |c 20080307 00:00:00  |k Rodrigo Vera 
999 |c 328628  |d 328626 
952 |0 0  |1 0  |4 0  |6 150_190000000000000_GRU_1917  |7 0  |8 X  |9 412696  |a FDOBUD  |b FDOBUD  |d 2019-11-22  |i 4409426  |o 150.19 GRU 1917  |p 4409426  |r 2019-11-22  |w 2019-11-22  |y BK_X  |k BUD